Người Tà Ôi ở A Lưới
v.v..
Đã lưu trong:
| Tác giả chính: | |
|---|---|
| Định dạng: | Sách |
| Năm xuất bản: |
H.
Văn hoá - Thông tin
2013
|
| Chủ đề: | |
| Tags: |
Thêm thẻ
Không có thẻ, Hãy là người đầu tiên gắn thẻ bản ghi này!
|
| LEADER | 00720nam a2200181 4500 | ||
|---|---|---|---|
| 082 | |a 398.0959749 |b TR120NG | ||
| 100 | |a Trần Nguyễn Khánh Phong | ||
| 245 | |a Người Tà Ôi ở A Lưới |c Trần Nguyễn Khánh Phong | ||
| 260 | |a H. |b Văn hoá - Thông tin |c 2013 | ||
| 300 | |a 357 tr. |c 21 cm. | ||
| 500 | |a Đầu trang tên sách ghi: Hội văn nghệ dân gian Việt Nam | ||
| 520 | |a v.v.. | ||
| 653 | |a Văn học dân gian | ||
| 653 | |a Việt Nam | ||
| 653 | |a Thừa Thiên Huế | ||
| 942 | |2 ddc |c SH | ||
| 999 | |c 4003 |d 4003 | ||
| 952 | |0 0 |1 0 |2 ddc |4 0 |6 398_095974900000000_TR120NG |7 0 |8 800 |9 41067 |a qbu |b qbu |c D2 |d 2014-12-18 |g 70000 |o 398.0959749 TR120NG |p 1225.c1 |r 0000-00-00 |w 2014-12-18 |y SH |0 0 |6 398_095974900000000_TR120NG | ||